| 000 | 00489nam a2200181Ia 4500 | ||
|---|---|---|---|
| 008 | 151018s9999 xx 000 0 und d | ||
| 082 |
_bRBASDV12435 _a891.464 |
||
| 100 | _aरावसाहेब कसबे | ||
| 245 | _aझोत | ||
| 250 | _b1 | ||
| 260 |
_bजनबोध _c1978 |
||
| 300 | _a108 | ||
| 600 | _aरावसाहेब कसबे | ||
| 630 | _aझोत | ||
| 700 | _aरावसाहेब कसबे | ||
| 730 | _aझोत | ||
| 942 | _cBOOK | ||
| 999 |
_c1014682 _d1014679 |
||